00958nam a22002531 450000100060000000300080000600500170001400800390003102000150007003500190008504000270010404100080013108200260013910000320016524501750019726000340037230000290040665000420043570000240047770000320050194200120053399900170054595201420056227060BD-RjUL20211209051116.0140324s1969 enkbf 000 0 eng a0720603102 a(BD-RjUL)27131 aDLCcDLCdBD-RjULbeng aeng04222a956.046bHUH 19691 aHussein,d1935-1999.98311910aHussein of Jordan :bmy "war" with Israel /cAs told to and with additional material by Vick Vance and Pierre Lauer ; translated by June P. Wilson and Walter B. Michaels. aLondon :bPeter Owen,cc1969. a176 p. :bill. ;c22 cm. 0aIsrael-Arab War, 1967zJordan.9831201 aVance, Vick.9831211 aLauer, Pierred1931-983122 2ddccBK c27060d27060 00102ddc40728NFICaRUCLbRUCLcReadingd1972-08-03eBook Centreg41.80l0o956.046 HUH 1969r2014-03-24 00:00:00tC-1w2014-03-24yBK